The modern evangelistic address. (Record no. 15887)

000 -LEADER
fixed length control field 00475nam a2200157 a 4500
001 - CONTROL NUMBER
control field :::00018339$&:&@@
003 - CONTROL NUMBER IDENTIFIER
control field OkBaRHE
005 - DATE AND TIME OF LATEST TRANSACTION
control field 20100331143822.0
008 - FIXED-LENGTH DATA ELEMENTS--GENERAL INFORMATION
fixed length control field s1925 j 000 0 eng u
040 ## - CATALOGING SOURCE
Transcribing agency
100 1# - MAIN ENTRY--PERSONAL NAME
Personal name Thomson, D. P.
245 14 - TITLE STATEMENT
Title The modern evangelistic address.
260 ## - PUBLICATION, DISTRIBUTION, ETC. (IMPRINT)
Place of publication, distribution, etc New York
Name of publisher, distributor, etc George H. Doran Company
Date of publication, distribution, etc 1925
942 ## - ADDED ENTRY ELEMENTS (KOHA)
Source of classification or shelving scheme
Koha item type Books
Copies
Date acquired Lost status Koha item type Date last seen Source of classification or shelving scheme Withdrawn status Damaged status Not for loan Full call number Barcode Copy number Price effective from Permanent Location Shelving location
2010-04-14 Books2010-04-14    BV 3795 .T48 M61833912010-04-14RHEMA Bible Training CollegeGeneral Stacks